00866nam a2200301Ia 4500001000900000003000500009005001700014008004100031010001100072020002200083040000900105082002700114100001700141245007500158250001100233260004800244300001100292440003200303500004600335503000700381650002400388650002600412650001400438650003900452650003600491650001300527700002400540dia_5954CHAP20230608133947.0220117s2006 xx 000 0 und d a177087 a978-607-310-806-5 cCHAP a808.83937 E26 P46 2006 aEco, Umberto aEl péndulo de Foucault /c Umberto Eco ; traducción Helena Lozano a2a ed. aMéxico :b Random House Mondadori,c2006 a820 p. aDebolsillo. Contemporánea aTítulo original: Il pendolo de Foucault aC. aAlchemistsxFiction aAlquimiaxFicción  aFiction  aItalian literaturex20th century  aLiteratura italianaxSiglo XX  aNovela  aLozano, Helena, tr.